| 000 | 00777nam a22002652a 4500 | ||
|---|---|---|---|
| 001 | 15231 | ||
| 003 | BD-RjUL | ||
| 005 | 20211208235756.0 | ||
| 008 | 140209t1969 enkak b 001 0 eng d | ||
| 020 | _a0712109250 | ||
| 035 | _a(BD-RjUL)15285 | ||
| 040 |
_aDLC _cDLC _dUKM _dEQO _dBD-RjUL _beng |
||
| 041 | _aeng | ||
| 082 | 0 | 4 |
_a658 _bBAI 1969 |
| 100 | 1 |
_aBatty, J. _q(Joseph), _d1929- _946821 |
|
| 245 | 1 | 0 |
_aIndustrial administration and management / _cby J. Batty |
| 250 | _a2nd ed | ||
| 260 |
_aLondon : _bMacdonald & Evans, _c1969. |
||
| 300 |
_axvi, 560 p. : _billus., forms. ; _c23 cm. |
||
| 504 | _aincludes Bibliographical reference and index. | ||
| 650 | 0 |
_aIndustrial management _947355 |
|
| 942 |
_2ddc _cBK |
||
| 999 |
_c15231 _d15231 |
||